Nowy Jork - quiz wielokrotnego wyboru - Statystyki

Ogólne statystyki
  • Ten quiz został rozwiązany 861 razy
    859 od ostatniego zresetowania
  • Średni wynik to 6 z 10
Statystyki odpowiedzi
Zagadnienie Odpowiedź % Poprawnych
Czyim imieniem zostało nazwane najbardziej oblegane lotnisko w Nowym Jorku? Johna F. Kennedy'ego
90%
Jaki nowojorski wieżowiec był najwyższym budynkiem na świecie w latach 1931-1970? Empire State Building
81%
Który z poniższych przydomków NIE odnosi się do Nowego Jorku? Miasto Aniołów
81%
Która z poniższych organizacji ma swoją siedzibę w Nowym Jorku? Organizacja Narodów Zjednoczonych
79%
Kto założył osadę, na terenie której później powstał Nowy Jork? Holendrzy
69%
Która z poniższych wysp NIE należy do miasta Nowy Jork? Nantucket
60%
Które z poniższych wydarzeń miało miejsce w dzielnicy Bronx w 1973 r? Początek hip-hopu
57%
Ile okręgów (jednostek podziału administracyjnego) posiada Nowy Jork? 5
43%
Który z poniższych superbohaterów jest z Nowego Jorku? Doktor Strange
43%
Która z poniższych osób NIE urodziła się w Nowym Jorku? Spike Lee
21%
Nie znaleziono quizów pasujących do podanych kryteriów
Rozkład punktacji
Procent ludzi z każdym wynikiem
Percentyl według liczby udzielonych odpowiedzi
Twoja historia wyników
Nie rozwiązałeś tego quizu od ostatniego zresetowania